Tener por cierto. Prácticas de la creencia de la antigüedad romana a la modernidad.

Сохранить в:
Библиографические подробности
Главный автор: Dell'Elicine, E. (compilador)
Другие авторы: Francisco, H. (compilador)
Формат: Неизвестно
Язык:английский
Опубликовано: Buenos Aires, Argentina. Pefscea; Miño y Dávila, 2019
Редактирование:Primera
Серии:Estudios del Mediterráneo Antiguo / PEFSCEA Nº17
Предметы:
Метки: Добавить метку
Нет меток, Требуется 1-ая метка записи!

MARC

LEADER 00000 a2200000 4500
003 CL-VaPUC
005 20211122152928.0
008 211026b2019 ||||| |||| 00| 0 eng d
999 |c 433767  |d 433765 
020 |a 978-84-17133-27-6 
040 |c Pontificia Universidad Católica de Valparaíso 
082 |a 200 DEL 2019  |2 22  
100 1 |a Dell'Elicine, E.   |9 863780  |e compilador 
245 1 |a Tener por cierto.  |b Prácticas de la creencia de la antigüedad romana a la modernidad. 
250 |a Primera 
260 |a Buenos Aires, Argentina.  |b Pefscea;  |b Miño y Dávila,   |c 2019 
440 |a Estudios del Mediterráneo Antiguo / PEFSCEA Nº17  |9 863781 
583 |k Cristina María Rojas Aguilar  |c 20211026 
650 0 |a Religiones  |9 265211 
650 0 |a Pensamiento religioso  |9 400122  |y Edad media 
700 |a Francisco, H.  |e compilador  |9 863813 
942 |2 ddc  |c BK 
952 |0 0  |1 0  |2 ddc  |4 0  |6 200_000000000000000_DEL_2019  |7 0  |8 A  |9 579049  |a BIBHIS  |b BIBHIS  |d 2021-10-26  |e 52  |g 15717.96  |i 5589614  |o 200 DEL 2019  |p 5589614  |r 2025-01-20  |t 1  |v 15717.96  |w 2021-10-26  |y BK  |k HIS